| 000 | 00396nam a22001337a 4500 | ||
|---|---|---|---|
| 999 |
_c524992 _d524992 |
||
| 008 | 240205b ||||| |||| 00| 0 eng d | ||
| 100 |
_aManikumar, K.A. _948383 |
||
| 245 | _aSocial movements in Nineteenth century South Taml Nadu | ||
| 260 | _aSocial Scientist | ||
| 300 | _a519(9-10), Sep-Oct, 2023: p.79-88 | ||
| 773 | _aSocial Scientist | ||
| 906 | _aSOCIAL MOVEMENTS | ||
| 942 | _cAR | ||